[Event "Druga liga CS Istok 2016"]
[Site "Kragujevac"]
[Date "2016.10.06"]
[Round "6.1"]
[White "JOVIC, Stanoje"]
[Black "RADOSAVLJEVIC, Slobodan D"]
[Result "1/2-1/2"]
[WhiteElo "2310"]
[BlackElo "2195"]
[PlyCount "24"]
[EventDate "2016.08.26"]

1. c4 Nf6 2. Nc3 g6 3. g3 Bg7 4. Bg2 O-O 5. Nf3 d6 6. O-O e5 7. d4 exd4 8. Nxd4
Re8 9. b3 Na6 10. Bb2 Nc5 11. Qc2 c6 12. Rad1 Qb6 1/2-1/2

[Event "Druga liga CS Istok 2016"]
[Site "Kragujevac"]
[Date "2016.10.06"]
[Round "6.1"]
[White "SPASOJEVIC, Zoran M"]
[Black "MARKOVIC, Marko"]
[Result "1-0"]
[WhiteElo "2229"]
[BlackElo "2226"]
[PlyCount "113"]
[EventDate "2016.08.26"]

1. e4 d6 2. d4 Nf6 3. Nc3 e5 4. Nf3 Nbd7 5. Bc4 Be7 6. h3 O-O 7. Be3 c6 8. a4
Nxe4 9. Nxe4 d5 10. Nxe5 Nxe5 11. dxe5 dxc4 12. O-O Qd5 13. Qxd5 cxd5 14. Nc3
Be6 15. Rad1 Rfd8 16. f4 f5 17. Nb5 Rd7 18. Nd4 Kf7 19. Rf2 Rc8 20. c3 g6 21.
Rfd2 a6 22. Kf2 Bc5 23. Ne2 Be7 24. Kf3 h6 25. Bb6 Bc5 26. Bxc5 Rxc5 27. Ke3
Ra5 28. Ra1 Rc7 29. Nd4 h5 30. Ra3 Bd7 31. Rd1 Ke7 32. Rda1 Rc8 33. Kd2 Rac5
34. h4 R8c7 35. e6 Be8 36. Re1 Ra5 37. Rea1 Rac5 38. a5 Rc8 39. Re1 Rd8 40. b4
Rcc8 41. Re5 Rb8 42. Ke3 Rd6 43. Ra1 Bc6 44. Re1 Rdd8 45. Nf3 b6 46. axb6 Rxb6
47. Ra1 Bb5 48. Nd4 Rbd6 49. Nxb5 axb5 50. Ra7+ Ke8 51. Kd4 Rb8 52. Rg7 Rbb6
53. Rxg6 Ke7 54. Rg7+ Kf6 55. Rf7+ Kg6 56. e7 Re6 57. Rf8 1-0

[Event "Druga liga CS Istok 2016"]
[Site "Kragujevac"]
[Date "2016.10.06"]
[Round "6.1"]
[White "RAICEVIC, Ivica"]
[Black "STEFANOVIC, Vladimir"]
[Result "0-1"]
[WhiteElo "2187"]
[BlackElo "2223"]
[PlyCount "80"]
[EventDate "2016.08.26"]

1. c4 c5 2. Nc3 Nc6 3. g3 g6 4. Bg2 Bg7 5. a3 a6 6. Rb1 Rb8 7. b4 cxb4 8. axb4
b5 9. c5 Bb7 10. e3 Nxb4 11. Bxb7 Nd3+ 12. Ke2 Nxc1+ 13. Rxc1 Rxb7 14. Nf3 Nf6
15. d4 O-O 16. Qd3 Rc7 17. Rc2 d6 18. cxd6 Qxd6 19. Rhc1 Rfc8 20. Nd2 Qd7 21.
Kf1 e5 22. Ne2 Rxc2 23. Rxc2 Rxc2 24. Qxc2 Ng4 25. Nf3 exd4 26. exd4 Qb7 27. d5
Ne5 28. Nxe5 Bxe5 29. Qe4 Qc7 30. f4 Bf6 31. Qe8+ Kg7 32. Qc6 Qxc6 33. dxc6 Bd8
34. Nc3 b4 35. Nd5 b3 36. Ke2 b2 37. Nc3 Kf6 38. Kd3 Ke6 39. Kc2 Kd6 40. Kxb2
Bf6 0-1

[Event "Druga liga CS Istok 2016"]
[Site "Kragujevac"]
[Date "2016.10.06"]
[Round "6.1"]
[White "MILJKOVIC, Mihajlo"]
[Black "MILIC, Ivica"]
[Result "1-0"]
[WhiteElo "2250"]
[BlackElo "1995"]
[PlyCount "69"]
[EventDate "2016.08.26"]

1. d4 d5 2. c4 e6 3. Nc3 Nf6 4. Bg5 Be7 5. e3 c6 6. Nf3 O-O 7. Qc2 Nbd7 8. a3
h6 9. Bh4 dxc4 10. Bxc4 Nd5 11. Bg3 Nxc3 12. bxc3 b6 13. O-O Bb7 14. Rfd1 Qc8
15. e4 Nf6 16. Bh4 Rd8 17. e5 Nd5 18. Bxd5 Bxh4 19. Be4 Be7 20. c4 c5 21. d5 f5
22. Bd3 exd5 23. Bxf5 Qc6 24. cxd5 Rxd5 25. Rxd5 Qxd5 26. Rd1 Qc6 27. Rd7 Kf8
28. Qc4 b5 29. Qg4 Rd8 30. h3 Rxd7 31. Bxd7 Qe4 32. Qh5 g6 33. Qxh6+ Kf7 34.
Qh7+ Kf8 35. Qh8+ 1-0

[Event "Druga liga CS Istok 2016"]
[Site "Kragujevac"]
[Date "2016.10.06"]
[Round "6.1"]
[White "PETROVIC, Dragoslav"]
[Black "RADIVOJEVIC, Tomislav"]
[Result "0-1"]
[WhiteElo "2029"]
[BlackElo "2171"]
[PlyCount "114"]
[EventDate "2016.08.26"]

1. d4 d5 2. c4 e6 3. Nc3 Nf6 4. Bg5 Be7 5. e3 h6 6. Bh4 O-O 7. cxd5 Nxd5 8.
Bxe7 Qxe7 9. Nf3 Nxc3 10. bxc3 b6 11. Be2 Bb7 12. O-O Nd7 13. Nd2 c5 14. Bf3
Rab8 15. Bxb7 Rxb7 16. Qf3 Rc7 17. Qg3 Nf6 18. Qh4 cxd4 19. cxd4 Qa3 20. Ne4
Nd5 21. Qg3 Rc2 22. Qd6 Qd3 23. Ng3 Nxe3 24. Rfe1 Nd5 25. Rad1 Rd2 26. Rxd2
Qxd2 27. Qe5 Rc8 28. h3 a5 29. h4 Qf4 30. Qxf4 Nxf4 31. Ne2 Nd5 32. Rc1 Rxc1+
33. Nxc1 Kf8 34. Kf1 Ke7 35. Ke2 Kd6 36. g3 Nb4 37. Kd2 Kd5 38. Kc3 b5 39. f3
Nc6 40. Ne2 b4+ 41. Kd3 g5 42. hxg5 hxg5 43. f4 g4 44. a3 f6 45. axb4 axb4 46.
f5 e5 47. dxe5 Nxe5+ 48. Kc2 Ke4 49. Nf4 Kxf5 50. Kb3 Ke4 51. Nh5 f5 52. Kxb4
Kf3 53. Kc3 Ng6 54. Kd2 f4 55. gxf4 Nxf4 56. Nxf4 Kxf4 57. Ke2 Kg3 0-1

[Event "Druga liga CS Istok 2016"]
[Site "Kragujevac"]
[Date "2016.10.06"]
[Round "6.1"]
[White "ARSIC, Djordje  **"]
[Black "RADISAVLJEVIC, Dalibor   **"]
[Result "1-0"]
[WhiteElo "2206"]
[BlackElo "1685"]
[PlyCount "95"]
[EventDate "2016.08.26"]

1. e4 c5 2. Nf3 d6 3. Bb5+ Bd7 4. c4 e5 5. O-O g6 6. d3 Bg7 7. Nc3 a6 8. Bxd7+
Nxd7 9. Be3 Ne7 10. Ng5 h6 11. Nh3 O-O 12. f4 Nc6 13. Qd2 Kh7 14. Nf2 f6 15.
Ng4 g5 16. fxg5 fxg5 17. h4 Rf4 18. Bxf4 gxf4 19. Qf2 Nf6 20. Nxf6+ Bxf6 21. g3
Qg8 22. Kh2 Rf8 23. Rg1 Qg4 24. gxf4 Qxf4+ 25. Qxf4 exf4 26. Kh3 Be5 27. Raf1
Bd4 28. Rg4 f3 29. Kg3 Ne5 30. Rf4 Rg8+ 31. Kh3 Nxd3 32. R4xf3 Ne5 33. Rg3
Rxg3+ 34. Kxg3 Kg7 35. Rc1 Nxc4 36. b3 Nb6 37. Kg4 Nd7 38. Kf5 Kf7 39. Ne2 Be5
40. Ng1 Nf8 41. Nf3 Ng6 42. Nxe5+ Nxe5 43. Rd1 Ke7 44. Rd5 Nd7 45. Kg6 Nf6 46.
Rxd6 Kxd6 47. Kxf6 Kd7 48. e5 1-0

[Event "Druga liga CS Istok 2016"]
[Site "Kragujevac"]
[Date "2016.10.06"]
[Round "6.2"]
[White "BULATOVIC, Nikola   *"]
[Black "PAVLOVIC, Goran"]
[Result "0-1"]
[WhiteElo "2101"]
[BlackElo "2359"]
[PlyCount "48"]
[EventDate "2016.08.26"]

1. e4 c6 2. d4 d5 3. Nc3 dxe4 4. Nxe4 Bf5 5. Ng3 Bg6 6. N1e2 Nf6 7. Nf4 Nd5 8.
h4 Nxf4 9. Bxf4 h6 10. h5 Bh7 11. Bc4 e6 12. c3 Nd7 13. O-O Nf6 14. Re1 Be7 15.
Qb3 b5 16. Bxe6 fxe6 17. Rxe6 Bg8 18. Nf5 Bxe6 19. Qxe6 Qd7 20. Qe5 Kf7 21. d5
cxd5 22. Rd1 Rae8 23. Bg3 Bc5 24. Qf4 Re4 0-1

[Event "Druga liga CS Istok 2016"]
[Site "Kragujevac"]
[Date "2016.10.06"]
[Round "6.2"]
[White "DINEV, Dejan"]
[Black "DIMITRIJEVIC, Zoran"]
[Result "1-0"]
[WhiteElo "2292"]
[BlackElo "2113"]
[PlyCount "111"]
[EventDate "2016.08.26"]

1. d4 Nf6 2. Nf3 g6 3. e3 Bg7 4. Bd3 d6 5. O-O O-O 6. c4 c5 7. Nc3 Nc6 8. h3 e5
9. dxe5 dxe5 10. Qe2 a6 11. Rd1 Qc7 12. Bd2 Rd8 13. Rac1 Be6 14. e4 Nd4 15.
Nxd4 exd4 16. Nd5 Bxd5 17. cxd5 Re8 18. Qf3 Nd7 19. b4 b6 20. a4 Qd6 21. a5
cxb4 22. Rc6 Qb8 23. Bf4 Be5 24. Bh6 bxa5 25. Bc4 Bh8 26. Bf4 Be5 27. d6 Bxf4
28. Qxf4 Ne5 29. Rc7 Qxc7 30. dxc7 Nxc4 31. Rxd4 b3 32. Qc1 b2 33. Qb1 Na3 34.
Qxb2 Nb5 35. Rd7 Rac8 36. Qf6 Rf8 37. Qe7 Rce8 38. Qc5 a4 39. e5 a3 40. Qc4 Rc8
41. e6 Rxc7 42. exf7+ Kg7 43. Rxc7 a2 44. Qxa2 Nxc7 45. Qb2+ Kxf7 46. Qb7 Kg8
47. Qxc7 Rf6 48. g4 g5 49. Qe7 Rg6 50. Kg2 h6 51. Kg3 Rg7 52. Qe6+ Kh7 53. Qxa6
Rf7 54. Qb6 Kg7 55. h4 gxh4+ 56. Kxh4 1-0

[Event "Druga liga CS Istok 2016"]
[Site "Kragujevac"]
[Date "2016.10.06"]
[Round "6.2"]
[White "BANJOVIC, Sasa"]
[Black "DJOKIC, Nebojsa"]
[Result "1/2-1/2"]
[WhiteElo "2180"]
[BlackElo "2231"]
[PlyCount "27"]
[EventDate "2016.08.26"]

1. b3 Nf6 2. Bb2 g6 3. Bxf6 exf6 4. g3 Bg7 5. Bg2 f5 6. Nc3 O-O 7. e3 d6 8.
Nge2 h5 9. h4 Nd7 10. Nf4 c6 11. O-O Re8 12. d4 Nf6 13. Qd3 d5 14. b4 1/2-1/2

[Event "Druga liga CS Istok 2016"]
[Site "Kragujevac"]
[Date "2016.10.06"]
[Round "6.2"]
[White "MADJAR, Stanislav"]
[Black "VUKASINOVIC, Sasa"]
[Result "1-0"]
[WhiteElo "2189"]
[BlackElo "2051"]
[PlyCount "83"]
[EventDate "2016.08.26"]

1. c4 Nf6 2. g3 c5 3. Bg2 Nc6 4. Nc3 g6 5. Nf3 Bg7 6. d4 cxd4 7. Nxd4 O-O 8.
O-O d6 9. Nc2 a5 10. Rb1 Bd7 11. b3 Rb8 12. Bd2 Qc8 13. Re1 Bf5 14. Rc1 Bh3 15.
Bh1 Ne5 16. Ne3 Neg4 17. Ncd5 Nxd5 18. Nxd5 Re8 19. Nf4 Ne5 20. Bxa5 Ra8 21.
Qd2 Bd7 22. Bc3 Bc6 23. Nd5 Qd8 24. Rc2 e6 25. Ne3 Bxh1 26. Kxh1 Qc7 27. Rd1
Qc6+ 28. Kg1 Bf8 29. Qd4 f6 30. f4 Nd7 31. Ng4 Be7 32. Bb4 h5 33. Nf2 d5 34.
Bxe7 Rxe7 35. Qd3 dxc4 36. Rxc4 Qb6 37. Qxg6+ Rg7 38. Qxh5 Rxa2 39. Rxd7 Rxd7
40. Qe8+ Kg7 41. Qxd7+ Kg6 42. Rc7 1-0

[Event "Druga liga CS Istok 2016"]
[Site "Kragujevac"]
[Date "2016.10.06"]
[Round "6.2"]
[White "DJORDJEVIC, Miroslav"]
[Black "ILIC, Aleksandar"]
[Result "1/2-1/2"]
[WhiteElo "1963"]
[BlackElo "2156"]
[PlyCount "72"]
[EventDate "2016.08.26"]

1. f4 d5 2. Nf3 Bg4 3. e3 e6 4. h3 Bxf3 5. Qxf3 Nf6 6. d3 c6 7. g4 g6 8. h4 h5
9. g5 Nfd7 10. Nc3 Bb4 11. Bd2 c5 12. a3 Ba5 13. e4 d4 14. Nb1 Bc7 15. b4 Nc6
16. c4 Qe7 17. b5 Na5 18. e5 Rb8 19. Bg2 Nb3 20. Ra2 Nxd2 21. Nxd2 Ba5 22. O-O
Bxd2 23. Rxd2 Qd8 24. Bh3 Qa5 25. Re2 O-O 26. f5 Qb6 27. fxg6 fxg6 28. Qe4
Rxf1+ 29. Bxf1 Kg7 30. Rf2 Rf8 31. Rxf8 Nxf8 32. Bg2 Nd7 33. a4 Qa5 34. Qxb7
Qe1+ 35. Bf1 Qg3+ 36. Bg2 Qe1+ 1/2-1/2

[Event "Druga liga CS Istok 2016"]
[Site "Kragujevac"]
[Date "2016.10.06"]
[Round "6.2"]
[White "DJUKIC, Slobodan D"]
[Black "MILIC, Slobodan"]
[Result "1/2-1/2"]
[WhiteElo "2151"]
[BlackElo "1924"]
[PlyCount "71"]
[EventDate "2016.08.26"]

1. e4 c5 2. Nf3 e6 3. d4 cxd4 4. Nxd4 a6 5. Bd3 Qc7 6. O-O Nf6 7. Nc3 Be7 8.
Be3 Nc6 9. Nxc6 bxc6 10. f4 d5 11. e5 Nd7 12. Na4 c5 13. c4 d4 14. Bd2 Bb7 15.
b3 g6 16. Qe2 h5 17. Be4 Rb8 18. Nb2 Bxe4 19. Qxe4 Qb7 20. Qe2 Qc7 21. Nd3 Bh4
22. Rab1 Be7 23. Nf2 Kf8 24. Ne4 Kg7 25. g3 a5 26. Rfc1 Rb7 27. Qd3 Rhb8 28.
Rf1 Ra8 29. h3 h4 30. Be1 Rh8 31. a4 Nb8 32. Qf3 Nc6 33. Qg4 Rh5 34. Qe2 Rb8
35. Nd2 Rd8 36. Rf3 1/2-1/2

[Event "Druga liga CS Istok 2016"]
[Site "Kragujevac"]
[Date "2016.10.06"]
[Round "6.2"]
[White "VESELINOV, Ivica"]
[Black "PETROVIC, Tamara   **"]
[Result "1-0"]
[WhiteElo "1940"]
[BlackElo "1912"]
[PlyCount "119"]
[EventDate "2016.08.26"]

1. e4 c5 2. Nf3 d6 3. c4 e5 4. g3 Nf6 5. d3 Be7 6. Bg2 Nc6 7. O-O O-O 8. Nc3 h6
9. a3 Bg4 10. h3 Bd7 11. Rb1 Qc8 12. Kh2 Nd4 13. Nxd4 cxd4 14. Nd5 Nxd5 15.
cxd5 f5 16. f4 Bf6 17. Bd2 a5 18. Rc1 Qe8 19. Rc7 b6 20. g4 fxg4 21. f5 gxh3
22. Bxh3 Bd8 23. Rxd7 Qxd7 24. f6 Qc7 25. Be6+ Kh8 26. f7 Qe7 27. Rf3 Qh4+ 28.
Kg2 Qh5 29. Bxh6 gxh6 30. Rg3 Qg5 31. Rxg5 Bxg5 32. Qh5 Kg7 33. Bf5 Rxf7 34.
Qg6+ Kf8 35. Be6 Rg7 36. Qf5+ Ke7 37. Bc8 Ke8 38. Qe6+ Be7+ 39. Kf3 Ra7 40.
Qxh6 Bf8 41. Qh5+ Raf7+ 42. Bf5 Kd8 43. Qh4+ Be7 44. Qe1 Bg5 45. Qd1 b5 46. Qh1
Rh7 47. Qe1 b4 48. axb4 Rh3+ 49. Kg4 Re3 50. Qd1 Rg7 51. Qf1 axb4 52. Qa1 Rxd3
53. Qa8+ Ke7 54. Qb7+ Kf6 55. Qc8 Bd2+ 56. Kh4 Bg5+ 57. Kh5 Kf7 58. Be6+ Ke7
59. Qd7+ Kf6 60. Qd8+ 1-0

[Event "Druga liga CS Istok 2016"]
[Site "Kragujevac"]
[Date "2016.10.06"]
[Round "6.2"]
[White "PETROVIC, Tijana   **"]
[Black "IVANOVIC, Veljko   **"]
[Result "0-1"]
[WhiteElo "1811"]
[BlackElo "1910"]
[PlyCount "92"]
[EventDate "2016.08.26"]

1. e4 c5 2. Nf3 d6 3. d4 cxd4 4. Nxd4 Nf6 5. Nc3 a6 6. Be3 e6 7. Qd2 Be7 8. f3
Qc7 9. O-O-O O-O 10. g4 b5 11. h4 Nfd7 12. g5 Ne5 13. Qg2 Nbc6 14. f4 Nxd4 15.
Bxd4 Nc6 16. Be3 Bb7 17. h5 Rac8 18. g6 Bf6 19. gxh7+ Kxh7 20. f5 Bxc3 21. bxc3
exf5 22. Rg1 Rg8 23. Qg6+ Kh8 24. Qxf5 Ne5 25. Bd4 b4 26. h6 g6 27. Qf6+ Kh7
28. Bxe5 dxe5 29. Bh3 Rcf8 30. Rd7 Qxc3 31. Rxf7+ Rxf7 32. Qxf7+ Kxh6 33. Qxg8
Qe3+ 34. Kb2 Qd4+ 35. Kb1 Qxg1+ 36. Kb2 Qd4+ 37. Kb1 Bxe4 38. Qf8+ Kh5 39. Qf1
Qd2 40. Qc4 Qd1+ 41. Kb2 Qd4+ 42. Qxd4 exd4 43. Bf1 a5 44. Kb3 g5 45. Kc4 Bxc2
46. Kxd4 a4 0-1

[Event "Druga liga CS Istok 2016"]
[Site "Kragujevac"]
[Date "2016.10.06"]
[Round "6.3"]
[White "ZIVKOVIC, Marko"]
[Black "DINIC, Dragan"]
[Result "1/2-1/2"]
[WhiteElo "2216"]
[BlackElo "2309"]
[PlyCount "63"]
[EventDate "2016.08.26"]

1. d4 Nf6 2. Nf3 g6 3. Bf4 Bg7 4. Nbd2 d5 5. e3 O-O 6. h3 c5 7. c3 cxd4 8. exd4
Nc6 9. Be2 Nd7 10. Qb3 e5 11. Bg5 Qa5 12. dxe5 Ndxe5 13. O-O d4 14. Nxd4 Nxd4
15. cxd4 Nc6 16. Be3 Nxd4 17. Bxd4 Bxd4 18. Nf3 Bg7 19. Bc4 b6 20. Rad1 Qf5 21.
Bd5 Rb8 22. Rfe1 Bb7 23. Re7 Bxd5 24. Rxd5 Qb1+ 25. Kh2 Qxb2 26. Qxb2 Bxb2 27.
Rxa7 Ra8 28. Rdd7 Rxa7 29. Rxa7 b5 30. Kg3 b4 31. h4 Bf6 32. Kf4 1/2-1/2

[Event "Druga liga CS Istok 2016"]
[Site "Kragujevac"]
[Date "2016.10.06"]
[Round "6.3"]
[White "PANIC, Milan"]
[Black "LIVAJA, Mario"]
[Result "1/2-1/2"]
[WhiteElo "2288"]
[BlackElo "2218"]
[PlyCount "71"]
[EventDate "2016.08.26"]

1. c4 e5 2. g3 Bc5 3. Bg2 Nc6 4. Nc3 d6 5. e3 a6 6. Nge2 Nge7 7. b3 O-O 8. O-O
Bf5 9. d4 Ba7 10. Bb2 Qd7 11. Nd5 Rae8 12. dxe5 Nxd5 13. Qxd5 Nxe5 14. Qxb7 Bc5
15. Bxe5 Rxe5 16. Qxa6 Bd3 17. Nf4 Bxf1 18. Rxf1 Rb8 19. Nd3 Re7 20. Qc6 Qxc6
21. Bxc6 Rb6 22. Bg2 Ba3 23. Rb1 g5 24. b4 c5 25. b5 Ra7 26. Bd5 Kg7 27. Kf1
Ra4 28. Ke2 f5 29. Kd1 Kf6 30. Kc2 Bb4 31. Nxb4 cxb4 32. Rb2 Ra3 33. Kb1 Ra4
34. Rd2 g4 35. Kb2 Ra3 36. Rd4 1/2-1/2

[Event "Druga liga CS Istok 2016"]
[Site "Kragujevac"]
[Date "2016.10.06"]
[Round "6.3"]
[White "ZIVKOVIC, Dragan"]
[Black "PAVLOVIC, Dean"]
[Result "1/2-1/2"]
[WhiteElo "2149"]
[BlackElo "2263"]
[PlyCount "30"]
[EventDate "2016.08.26"]

1. d4 d5 2. Nf3 Nf6 3. Bf4 e6 4. e3 b6 5. c3 Bb7 6. Nbd2 Nbd7 7. h3 Be7 8. Be2
O-O 9. O-O Re8 10. Re1 Nf8 11. Ne5 N6d7 12. Bb5 Nxe5 13. Bxe8 Nd3 14. Bb5 Nxe1
15. Qxe1 Bd6 1/2-1/2

[Event "Druga liga CS Istok 2016"]
[Site "Kragujevac"]
[Date "2016.10.06"]
[Round "6.3"]
[White "DODIC, Dragan"]
[Black "ZIVIC, Dragan"]
[Result "1-0"]
[WhiteElo "2042"]
[BlackElo "2204"]
[PlyCount "103"]
[EventDate "2016.08.26"]

1. d4 Nf6 2. Nf3 e6 3. Bg5 h6 4. Bxf6 Qxf6 5. e4 d6 6. c3 e5 7. dxe5 dxe5 8.
Nbd2 Bc5 9. Bc4 O-O 10. Qe2 c6 11. a4 a5 12. h3 Na6 13. Nf1 Be6 14. Ng3 g6 15.
Bxe6 Qxe6 16. O-O Rad8 17. Rfd1 Bb6 18. Nd2 Nc5 19. Nc4 Bc7 20. Ne3 Kg7 21. Qc2
Qb3 22. Qe2 Rxd1+ 23. Rxd1 Rd8 24. Rxd8 Bxd8 25. Nef5+ gxf5 26. Nxf5+ Kf8 27.
Qe3 Qd1+ 28. Kh2 Ne6 29. Qxh6+ Ke8 30. Qh8+ Kd7 31. Qh7 Ng5 32. Qg8 Qh5 33. f3
Qg6 34. Qf8 Nh7 35. Qc5 Qe6 36. b4 Qa2 37. Qa7 axb4 38. Qxb7+ Bc7 39. Qxb4 Qe6
40. a5 c5 41. Qxc5 Kc8 42. Ne7+ Kb7 43. Qb5+ Ka8 44. Nc6 Qc8 45. a6 Nf6 46. Ne7
Qb8 47. Qc6+ Ka7 48. Qxf6 Qb5 49. Nd5 Bb8 50. Qxf7+ Kxa6 51. Qe6+ Kb7 52. Qe7+
1-0

[Event "Druga liga CS Istok 2016"]
[Site "Kragujevac"]
[Date "2016.10.06"]
[Round "6.3"]
[White "DJORDJEVIC, Dejan N"]
[Black "PETROVIC, Petar R   **"]
[Result "1-0"]
[WhiteElo "2162"]
[BlackElo "1958"]
[PlyCount "61"]
[EventDate "2016.08.26"]

1. e4 e5 2. Nf3 Nc6 3. Bc4 Nf6 4. Qe2 Bc5 5. O-O O-O 6. c3 d6 7. d3 Be6 8. Nbd2
h6 9. Bb3 Re8 10. Nc4 Bxc4 11. Bxc4 Na5 12. Bb5 c6 13. Ba4 b5 14. Bc2 Bb6 15.
a4 a6 16. Nh4 d5 17. Nf5 Nb7 18. axb5 cxb5 19. Qf3 Nd6 20. exd5 Nxf5 21. Qxf5
Nxd5 22. d4 g6 23. Qf3 Nf4 24. dxe5 Nh5 25. Re1 Bc5 26. e6 Qf6 27. exf7+ Qxf7
28. Qxf7+ Kxf7 29. Bxh6 Rxe1+ 30. Rxe1 Nf6 31. Bb3+ 1-0

[Event "Druga liga CS Istok 2016"]
[Site "Kragujevac"]
[Date "2016.10.06"]
[Round "6.3"]
[White "VELIKIC, Vule"]
[Black "OSTOJIC, Milos R"]
[Result "1/2-1/2"]
[WhiteElo "1789"]
[BlackElo "2067"]
[PlyCount "116"]
[EventDate "2016.08.26"]

1. d4 Nf6 2. Nf3 c5 3. Nc3 cxd4 4. Nxd4 Nc6 5. e4 d6 6. Bg5 Qa5 7. Bxf6 gxf6 8.
Nb3 Qd8 9. Qd2 Bd7 10. Be2 Rc8 11. h4 h5 12. f4 Na5 13. Qd5 Nxb3 14. Qxb3 Qa5
15. O-O-O Rg8 16. Rd5 Qc7 17. Bxh5 Be6 18. Qb5+ Qc6 19. Qxc6+ Rxc6 20. Rd2 Bh6
21. Rf2 Bg4 22. Bxg4 Rxg4 23. Rhf1 Rxh4 24. g3 Rh3 25. Rf3 e6 26. Kd1 a6 27. a4
Rc5 28. Ke2 f5 29. exf5 Rxf5 30. Ne4 Kd7 31. Rd3 Bf8 32. Ng5 Rh2+ 33. Rf2 Rxf2+
34. Kxf2 Rc5 35. Rd2 f5 36. Nf3 Bg7 37. b3 Bf6 38. c4 Ke7 39. Nh4 Rc8 40. Nf3
Rh8 41. Kg2 e5 42. fxe5 dxe5 43. Rd5 Ke6 44. Ne1 e4 45. Nc2 Be5 46. Nd4+ Bxd4
47. Rxd4 Rg8 48. Kf2 Rg7 49. b4 Rh7 50. Kg2 Rd7 51. Rxd7 Kxd7 52. a5 Kc6 53.
Kf2 b6 54. axb6 Kxb6 55. c5+ Kb5 56. Ke3 a5 57. bxa5 Kxa5 58. g4 fxg4 1/2-1/2

[Event "Druga liga CS Istok 2016"]
[Site "Kragujevac"]
[Date "2016.10.06"]
[Round "6.3"]
[White "NIKOLIC, Mila   *"]
[Black "MILUTINOVIC, Bojan"]
[Result "1/2-1/2"]
[WhiteElo "1930"]
[BlackElo "1779"]
[PlyCount "83"]
[EventDate "2016.08.26"]

1. e4 c5 2. c3 Nf6 3. e5 Nd5 4. Nf3 Nc6 5. d4 cxd4 6. cxd4 d6 7. exd6 Qxd6 8.
a3 g6 9. Nc3 Nxc3 10. bxc3 Bg7 11. Be2 O-O 12. O-O e6 13. a4 Rd8 14. Bc4 Qc7
15. Ba2 Na5 16. Bg5 Rd7 17. Rc1 b6 18. Qd3 Bb7 19. Rfd1 Qc6 20. Ra1 Rc8 21.
Rdc1 h6 22. Be3 Nc4 23. Bxc4 Qxc4 24. Qxc4 Rxc4 25. Ne5 Bxe5 26. dxe5 Rd5 27.
Bd4 Ra5 28. f3 Rcxa4 29. Rxa4 Rxa4 30. Rc2 Bd5 31. Kf2 Ra2 32. Rxa2 Bxa2 33.
Ke2 Kf8 34. Kd3 Ke7 35. c4 Kd7 36. c5 b5 37. c6+ Kxc6 38. Bxa7 Bc4+ 39. Ke3 Kd5
40. Bb8 b4 41. Bd6 b3 42. Ba3 1/2-1/2

[Event "Druga liga CS Istok 2016"]
[Site "Kragujevac"]
[Date "2016.10.06"]
[Round "6.3"]
[White "JANKOVIC, Milan   **"]
[Black "PETROVIC, Dusan   **"]
[Result "0-1"]
[WhiteElo "1668"]
[BlackElo "1798"]
[PlyCount "60"]
[EventDate "2016.08.26"]

1. d4 d5 2. c4 c6 3. Nc3 Nf6 4. Nf3 a6 5. e3 e6 6. Bd3 Be7 7. O-O O-O 8. Rb1
dxc4 9. Bxc4 b5 10. Bd3 c5 11. dxc5 Bxc5 12. Ne4 Be7 13. b3 Bb7 14. Qc2 Nbd7
15. Nxf6+ Nxf6 16. Rd1 Rc8 17. Qe2 Qa5 18. Ne5 Nd5 19. Qh5 Nf6 20. Qe2 Nd5 21.
Qh5 g6 22. Bxg6 fxg6 23. Nxg6 Rf5 24. Nxe7+ Nxe7 25. Qg4+ Kf7 26. e4 Qb4 27.
Ba3 Qxe4 28. Qh3 Rg8 29. Qxh7+ Rg7 30. f3 Qe3+ 0-1